Ancient Hindu law and administration : (Record no. 56627)

MARC details
000 -LEADER
fixed length control field 00866nam a22002417a 4500
005 - DATE AND TIME OF LATEST TRANSACTION
control field 20110908145123.0
008 - FIXED-LENGTH DATA ELEMENTS--GENERAL INFORMATION
fixed length control field 110908t xxu||||| |||| 00| 0 eng d
010 ## - LCCN (DPL NO)
LC control number ENG-103795
020 ## - INTERNATIONAL STANDARD BOOK NUMBER
Terms of availability 300.00
035 ## - SYSTEM CONTROL NUMBER
System control number EN-87328
037 ## - SOURCE OF ACQUISITION
Source of stock number/acquisition DBADPUB
040 ## - CATALOGING SOURCE
Original cataloging agency DPL
Language of cataloging Eng
082 ## - DEWEY DECIMAL CLASSIFICATION NUMBER
Classification number 220.21
100 1# - MAIN ENTRY--PERSONAL NAME
9 (RLIN) 34669
245 14 - TITLE STATEMENT
Title Ancient Hindu law and administration :
Statement of responsibility, etc edited by M.N.Joshi...[et al]
Remainder of title as reflected in Vedic and Smrti literature /
260 ## - PUBLICATION, DISTRIBUTION, ETC. (IMPRINT)
Place of publication, distribution, etc Dharwad
Name of publisher, distributor, etc Karnatak University
Date of publication, distribution, etc 2006
270 ## - ADDRESS
Address Registrar Karnatak University
City Dharwad
Postal code 580003
300 ## - PHYSICAL DESCRIPTION
Extent x,276p.
Dimensions 22cm (pbk)
650 #0 - SUBJECT ADDED ENTRY--TOPICAL TERM
9 (RLIN) 34671
700 ## - ADDED ENTRY--PERSONAL NAME
9 (RLIN) 34736
Personal name Joshi,M.N.
942 ## - ADDED ENTRY ELEMENTS (KOHA)
Source of classification or shelving scheme Dewey Decimal Classification
Item type English Books
Call number suffix ANC
Classification part 220.21
Holdings
Withdrawn status Lost status Source of classification or shelving scheme Damaged status Not for loan Collection code Home library Current library Date acquired Source of acquisition Cost, normal purchase price Total Checkouts Full call number Barcode Date last seen Copy number Cost, replacement price Koha item type
    Dewey Decimal Classification     Non-fiction D.B.Act.Division D.B.Act.Division 15/09/2011 DBAD/PUB 300.00   220.21 ANC EN-87328 15/09/2011 1 300.00 English Books

© Delhi Public Library
Hit Counter
free hit counter